| 000 | 00687nam a2200193 i 4500 | ||
|---|---|---|---|
| 001 | 22415 | ||
| 003 | ES-MaACL | ||
| 005 | 20230906152707.0 | ||
| 007 | t| | ||
| 008 | 021202s1947 sp ||||1| spa d | ||
| 100 | 1 |
_aAldrufeu Gurghi, Juan. _919656 |
|
| 245 | 1 | 4 |
_aLas flores y su comercio / _cpor Juan Aldrufeu Gurgui. |
| 260 |
_aBarcelona : _b[s.n.], _c1947 ( _fIndustrias Gráfs. García) |
||
| 300 |
_a47 p. : _bil. ; _c22 cm. |
||
| 490 | 1 |
_aPublicaciones divulgadoras / Cámara Oficial Agrícola de Barcelona ; _v4 |
|
| 830 | 0 |
_aPublicaciones divulgadoras / Cámara Oficial Agrícola de Barcelona ; _v4 _9228991 |
|
| 852 |
_aES-MaACL _j1876-F-3 _bR.25167 |
||
| 999 |
_c22415 _d22415 |
||